La formation du droit séculier et du droit de l'église aux IV et V siecles
Saved in:
| Main Author: | |
|---|---|
| Format: | Book |
| Language: | French |
| Published: |
París
Sirey
1957
|
| Series: | Institut de Droit Romain de l'Université de París, 15
|
| Subjects: | |
| Tags: |
Add Tag
No Tags, Be the first to tag this record!
|
MARC
| LEADER | 00000nam a2200000 a 4500 | ||
|---|---|---|---|
| 001 | UCS9163 | ||
| 003 | CL-VaPUC | ||
| 008 | 971113e19570000FR |||||||||||||||||fre|d | ||
| 082 | 0 | 4 | |a 262.9 |b GAU |2 21 |
| 100 | |a Gaudemet, Jean |e author |9 487559 | ||
| 245 | 1 | 3 | |a La formation du droit séculier et du droit de l'église aux IV et V siecles |
| 300 | |a 220 p | ||
| 942 | |c BK | ||
| 945 | |d 19971113 00:00:00 |a cmena | ||
| 260 | |a París |b Sirey |c 1957 | ||
| 650 | 7 | |a DERECHO CANONICO |2 CL-VaPUC |9 394120 | |
| 650 | 0 | |a Derecho romano |9 255930 | |
| 650 | 7 | |a LEGISLACION |2 CL-VaPUC |9 394121 | |
| 650 | 0 | |a Historia del derecho |9 255109 | |
| 650 | 0 | |a Jurisprudencia |9 255952 | |
| 650 | 0 | |a Iglesia |9 255004 | |
| 650 | 0 | |a Concilios |9 315984 | |
| 650 | 0 | |a Cristianismo |9 257361 | |
| 650 | 0 | |a Derecho eclesiástico |9 255055 | |
| 650 | 7 | |a IGLESIA SIGLOS 4 - 5 |2 CL-VaPUC |9 394122 | |
| 583 | |a last modification |c 19971113 00:00:00 |k Rodrigo Vera | ||
| 490 | 0 | |a Institut de Droit Romain de l'Université de París, 15 | |
| 999 | |c 263158 |d 263156 | ||
| 952 | |0 0 |1 0 |4 0 |6 262_900000000000000_GAU_1957 |7 0 |8 DER_HDC |9 292267 |a BIBDER |b BIBDER |d 2019-11-19 |i 1780727 |o 262.9 GAU 1957 |p 1780727 |r 2023-01-25 |w 2019-11-19 |x Ubicación 4to Piso |y BK |z Estos recursos deben solicitarse con anticipación |k DER | ||